| 000 | 003460000a22001570004500 | ||
|---|---|---|---|
| 001 | 001812 | ||
| 003 | MACL | ||
| 040 | _aMACL | ||
| 090 |
_c13805 _d13804 |
||
| 100 | _aDhillon, Harish | ||
| 245 |
_aThe Lives And Teaching Of The Sikh Gurus _cHarish Dhillon |
||
| 260 |
_aUBSPD, _c1997 |
||
| 350 | _a175 | ||
| 650 | _aReligion | ||
| 942 |
_k295 _cBook |
||
| 999 |
_c13728 _d13728 |
||